000 00619nam a2200217Ia 4500
020 _a0028278518
040 _cCTW
082 _a551 GLE 1999 A106 Or.
100 1 _aFeather, Ralph M
245 1 0 _aGlencoe earth science /
246 3 _aEarth science
250 _aTeacher wraparound ed
260 _aNew York, N.Y. :
_bGlencoe,
_cc1999
300 _a62T, xxiv, 792 p. :
_bcol. ill. ;
_c29 cm
500 _a"With fully integrated technology."--Cover
500 _aIllustration on back lining papers
650 0 _aEarth sciences
700 1 _aSnyder, Susan Leach
710 2 _aGlencoe/McGraw-Hill
942 _cEK
999 _c17014
_d17014